000 00793nam a2200253Ia 4500
003 OSt
005 20220923224044.0
006 a|||||r|||| 00| 0
007 ta
008 220922b |||||||| |||| 00| 0 hin d
024 _a224,499
037 _cTextual
040 _aARTS
_cARTS
_bhin
041 _2hin
_ahin
082 _aO152,3N52x, P2
100 _aसूरज प्रकाश
_9156291
245 0 _aछूटे हुए घर
246 _aChhūṭe hue ghara
260 _aनयी दिल्ली
_b प्रकाशन संस्थान
_c2002
300 _a160पृ.
_ccm.
650 _aहिन्दी साहित्य
_9156264
942 _hO152,3N52x, P2
_cTEXL
_2CC
999 _c368905
_d368905